| 000 -LEADER |
| fixed length control field |
01163pab a2200181 454500 |
| 008 - FIXED-LENGTH DATA ELEMENTS--GENERAL INFORMATION |
| fixed length control field |
180718b2009 xxu||||| |||| 00| 0 eng d |
| 100 ## - MAIN ENTRY--PERSONAL NAME |
| Personal name |
Oommen, T.K. |
| 245 ## - TITLE STATEMENT |
| Title |
Indian labour movement: colonial era to the global age |
| 260 ## - PUBLICATION, DISTRIBUTION, ETC. |
| Date of publication, distribution, etc. |
2009 |
| 300 ## - PHYSICAL DESCRIPTION |
| Extent |
p.81-89. |
| 362 ## - DATES OF PUBLICATION AND/OR SEQUENTIAL DESIGNATION |
| Dates of publication and/or sequential designation |
26 Dec |
| 520 ## - SUMMARY, ETC. |
| Summary, etc. |
This paper attempts to situate labour movements of 20th century India - agrarian and industrial - in the context of the changing contours of the country. Many scholars have focused exclusively on industrial labour, ignoring the fact that the overwhelming proportion of labour in India is predominantly agrarian. The prospect of a unified labour movement is unlikely because of the many categories and internal differences within each. This, however, does not mean that labour mobilisation and struggles will cease. Sectoral mobilisation against deprivations specific to each group will continue, and along with equity, identity, security and dignity will be important for the labour movement (s). - Reproduced. |
| 650 ## - SUBJECT ADDED ENTRY--TOPICAL TERM |
| Topical term or geographic name entry element |
Labour movements - India |
| 650 ## - SUBJECT ADDED ENTRY--TOPICAL TERM |
| Topical term or geographic name entry element |
Labour movements |
| 773 ## - HOST ITEM ENTRY |
| Main entry heading |
Economic and Political Weekly |
| 908 ## - PUT COMMAND PARAMETER (RLIN) |
| Put command parameter |
N |
| 909 ## - |
| -- |
85211 |